Văn học Việt Nam thế kỷ XX : Tiểu thuyết 1975-2000. Quyển 1, tập XL Q.1,T.40

שמור ב:
מידע ביבליוגרפי
פורמט: ספר
שפה:Vietnamese
יצא לאור: Văn học 2008
תגים: הוספת תג
אין תגיות, היה/י הראשונ/ה לתייג את הרשומה!
Thư viện lưu trữ: Mạng thư viện Đại học Đà Nẵng
LEADER 00715nam a2200241 4500
001 000023083
003 19532
005 20150527160547.0
008 150527s2008 viesd
020 |c 00 
041 0 |a vie 
082 1 4 |a 895922334  |b Vă-H 
245 1 0 |a Văn học Việt Nam thế kỷ XX : Tiểu thuyết 1975-2000. Quyển 1, tập XL  |b Q.1,T.40  |c biên soạn và tuyển chọn Nguyễn Cừ, Nguyễn Anh Vũ, Phạm Thị Ngọc 
260 |b Văn học  |c 2008 
300 |a tr.  |c cm. 
OWN |a LSP 
999 |a From the UDN01 
TYP |a Monograph 
TYP |a Printed language 
980 |a Mạng thư viện Đại học Đà Nẵng